000 00339nam a2200133Ia 4500
008 221030s9999 xx 000 0 und d
041 _aEnglish
100 _aS. K. Bhatacharaya
245 0 _aIndustrial Electronics & Control
_cby S. K. Bhatacharaya, S. Chatterjee
260 _c0
650 _aB
700 _aS. Chatterjee
942 _cBK
999 _c17408
_d17408